000 00622nam a2200205Ii 4500
001 20262
003 CO-ViMGA
008 241108s9999||||xx |||||||||||||| ||und||
020 _a9586018334
040 _aCO-ViMGA
_bspa
_erda
_cCO-ViMGA
041 0 _aspa
082 0 4 _a303.66 L117
245 1 0 _aLos laberintos de la guerra :
_butopĂ­as e incertidumbres sobre la paz
264 1 _aBogotá, Colombia : Tercer Mundo Editores, 1999
300 _avolumen
336 _atext
_btxt
_2rdacontent
337 _aunmediated
_bn
_2rdamedia
338 _avolume
_bnc
_2rdacarrier
940 _aidficha_siabuc: 19917. -- ficha_no_siabuc:20262
999 _c48341
_d48341